| 000 | 00463cam a2200181ua 4500 | ||
|---|---|---|---|
| 020 | _c60.00 | ||
| 041 |
_aeng _h |
||
| 082 |
_a546 _bLAI/CO |
||
| 100 | _aLaist, James W . | ||
| 245 |
_aComprehensive inorganic chemistry, Vol 2 / _cJames W Laist. _hTextual Documents |
||
| 260 |
_aNew York : _bVan Nostrand Reinhold Company , _c1954. |
||
| 300 | _a248 ; . | ||
| 362 | 0 | _aVol 2- | |
| 365 | _a60.00 | ||
| 504 | _a | ||
| 942 | _cBK | ||
| 999 |
_c7089 _d7089 |
||